000 00609nam a2200181Ia 4500
008 090124s9999 xx 000 0 und d
082 _b119173
100 _aपाध्ये भाऊ ( प्रभाकर नारायण )
245 _a जेलबर्डस
250 _a1
260 _c1982
300 _a195
600 _aपाध्ये भाऊ ( प्रभाकर नारायण )
630 _a जेलबर्डस
700 _aपाध्ये भाऊ ( प्रभाकर नारायण )
730 _a जेलबर्डस
942 _cBOOK
999 _c165259
_d165259